000 00406nam a22001697a 4500
005 20160520122414.0
008 160520b xxu||||| |||| 00| 0 eng d
020 _a978-81-318-0815-3
041 _aeng
082 _b3486
100 _aBansal R.K.
_9872
245 _aFluid mechanics and Hydraulic machines
260 _bLaxmi Pub.
300 _a1102
650 _aDIPLOMA ENGINEERING
_9817
942 _cBK
999 _c1193
_d1193